| 000 | 00676nam a2200229 a 4500 | ||
|---|---|---|---|
| 008 | 951213s1979||||[C 0 slo c | ||
| 020 |
_c25 Kčs. _q(12000 výtl.) |
||
| 040 |
_aSNK _bslo _cSNK _eAACR2 |
||
| 041 | 1 |
_aslo _hslv |
|
| 044 |
_axo _cSK |
||
| 080 | _a886.3-3 | ||
| 100 | 1 |
_aMihelič, Mira _4aut |
|
| 245 | 1 | 0 |
_aVráťte sa mi, synovia _cMira Mihelič ; Tomáš Štrba, Svetozár Mydlo |
| 250 | _a1., vyd. | ||
| 260 |
_aBratislava _bSmena _c1979 _eŽilina _fPravda |
||
| 300 |
_a301 s., 19,47 AH _c20 cm |
||
| 490 | 0 |
_aEva _vZv. 60. |
|
| 500 | _aIlustr. na rozlož. tit. liste. | ||
| 700 | 1 |
_aŠtrba, Tomáš _4trl |
|
| 700 | 1 |
_aMydlo, Svetozár _4bkd |
|
| 958 | _aA | ||
| 999 |
_c12234 _d12234 |
||